000 01282cam a22003497a 4500
003 CHAP
005 20220329142726.0
008 030306d2003 mx r 00110 spa d
010 _a86896
011 _a87868
035 _a98412
040 _cCHAP
090 _aTesis
100 0 0 _aVelázquez Pérez, Alexis.
_9118603
245 1 3 _aEl sector agrícola y el consumo de los fertilizantes en América Latina
_c/por Alexis Velázquez Pérez
260 _aChapingo, Méx. :
_bEl autor,
_c2003.
300 _a134 h.
502 _aTesis (M.C. en Economía del Desarrollo Rural) -- UACH. División de Ciencias Económico-Administrativas
590 _aALEPH
_b10
_c20130110
_lUCH01
_h1451
590 _aBATCH-UPD
_b10
_c20130110
_lUCH01
_h0412
590 _aBATCH-UPD
_b10
_c20130410
_lUCH01
_h0047
590 _aBATCH-UPD
_b10
_c20130410
_lUCH01
_h1525
590 _aBATCH-UPD
_b10
_c20130914
_lUCH01
_h1359
590 _aCONVERSION
_b10
_c20130109
_lUCH01
_h1348
650 1 4 _aFertilizantes
_xAspectos económicos
_xAmérica Latina.
_940454
650 1 4 _aFertilizantes
_xConsumo.
_940468
901 _aBK
905 _aMayto Villalobos S.
942 _cFOLL
949 _aTesis
_bBC
_cTES
_d33724000883427
_eTS2
_fc.2
_h40411
_i98412
_sb
949 _aTesis
_bBC
_cTES
_d98412123
_eTS1
_h40412
_i98412
_sb
999 _c86896
_d86896